选出具有河北属性的事物(10分钟60项扫雷) - Statistics

General Stats
  • This quiz has been taken 414 times
    92 since last reset
  • The average score is 5 of 36
Answers on the Grid
Answers color-coded by a green-red scale on the quiz's grid according to % correct below.
八女投江
板城烧锅酒
避暑山庄
边靖楼
曹操地下运兵道
草原天路
长城汽车
大港油田总部
大境门长城
定窑
东戴河
范阳起兵
飞狐陉
负荆请罪
哥窑
光岳楼
广府古城
广阳城遗址
国产笔尖钢
衡水中学
黄骅港
黄崖关长城
火锅鸡
金山岭长城
金丝小枣
开滦矿务局大楼
“蜡笔”(方言)
狼牙山五壮士
老白干酒
刘胜金缕玉衣
隆兴寺转轮藏
卤煮火烧
驴肉火烧
闷倒驴酒
南泥湾精神
宁武关
牛肉罩饼
平型关大捷
千里送京娘
汝窑
杀虎口长城
宋辽边关地道
唐胥铁路
雾灵山
响堂山石窟
咸口锅包肉
西门豹治邺
喜峰口战役
《小英雄雨来》
“信球”(方言)
邢窑
燕郊
阳和楼
一战擒双王
易水送别
“沾!”(表示赞同)
赵州桥
轵关陉
卓资山熏鸡
紫荆关
 
Answer Stats
Answer % Correct
避暑山庄
54%
赵州桥
49%
衡水中学
39%
驴肉火烧
37%
燕郊
34%
狼牙山五壮士
24%
老白干酒
20%
唐胥铁路
20%
《小英雄雨来》
20%
邢窑
20%
定窑
17%
易水送别
17%
负荆请罪
15%
黄骅港
15%
火锅鸡
15%
刘胜金缕玉衣
15%
喜峰口战役
15%
牛肉罩饼
12%
西门豹治邺
12%
长城汽车
10%
金山岭长城
10%
紫荆关
10%
草原天路
7%
“蜡笔”(方言)
7%
宋辽边关地道
7%
雾灵山
7%
“沾!”(表示赞同)
7%
板城烧锅酒
5%
大境门长城
5%
广府古城
5%
金丝小枣
2%
隆兴寺转轮藏
2%
千里送京娘
2%
响堂山石窟
2%
飞狐陉
0%
阳和楼
0%
No matching quizzes found
Score Distribution
Percent of People with Each Score
Percentile by Number Answered
Your Score History
You have not taken this quiz since the last reset